000
00314nam a2200109 4500
008
240730b |||||||| |||| 00| 0 eng d
040
_a
National Science Library
_c
National Science Library
100
_a
Baer, Hans
245
_a
Bibliographie und bibliographische arbeitstechnik
300
_a
172p.
942
_2
udc
_c
BK
999
_c
65317
_d
65317